| 000 | 00762nam a22002297a 4500 | ||
|---|---|---|---|
| 005 | 20170124110028.0 | ||
| 010 | _a746454 | ||
| 020 | _c30.00 | ||
| 035 | _a746454 | ||
| 037 | _bCen Lib/Ret | ||
| 040 |
_aDPL _bEN |
||
| 082 |
_a347.54 _bMAL |
||
| 100 |
_aMalik, B. _921048 |
||
| 245 |
_aCommentaries on MISA and conservation of foreign exchange and prevention of smuggling activities act, 1974 along with various inter- connected laws / / _cby B. Malik |
||
| 260 |
_aAllahabad _bLaw Publishers _c1975 |
||
| 270 |
_aSardar Patel Marg, Post Box. No. 77 _bAllahabad _e211001 |
||
| 300 |
_axiv,353p. _c24cm(Hb) |
||
| 500 | _aIncludes index. | ||
| 650 |
_aLaw _9104 |
||
| 650 |
_aProcedure & Courts _916276 |
||
| 942 |
_2ddc _cEN _h347.54 _mMAL |
||
| 999 |
_c127627 _d127627 |
||